Introducción al estudio del derecho (Registro nro. 305981)
[ vista simple ]
| 000 -ENCABEZADO | |
|---|---|
| Número de control [NR] | 01494cam a2200277Ma 4500 |
| 005 - FECHA Y HORA DE LA ÚLTIMA TRANSACCIÓN | |
| control field | 20170403115153.0 |
| 008 - DE LONGITUD FIJA DE DATOS DE ELEMENTOS - INFORMACIÓN GENERAL | |
| Elementos de longitud fija [NR] | 170403s2015 pe fr 001 0 spa d |
| 020 ## - NUMERO INTERNACIONAL NORMALIZADO PARA LIBROS [R] | |
| Número Internacional Normalizado del libro [NR] | 9786124218262 |
| 035 ## - NUMERO DE CONTROL DEL SISTEMA [R] | |
| Número de control del sistema [NR] | (OCoLC)930687521 |
| 040 ## - FUENTE DE CATALOGACION [NR] | |
| Agencia de catalogación original [NR] | CO-BoUCM |
| Idioma de catalogación [NR] | spa |
| Quien Cataloga | Sandra Palacio |
| Quien Clasifica | Sandra Palacio |
| 041 0# - CODIGO DE IDIOMA [R] | |
| Código de idioma para texto/pista de sonido o título separado [R] | Español |
| 100 1# - ASIENTO PRINCIPAL--NOMBRE PERSONAL [NR] | |
| Nombre personal [NR] | Barberis, Mauro |
| ID Autoridad | 85007 |
| 245 10 - MENCION DE TITULO [NR] | |
| Título [NR] | Introducción al estudio del derecho |
| Mención de responsabilidad, etc. [NR] | Mauro Barberis |
| 260 ## - PUBLICACION, DISTRIBUCION, ETC. (PIE DE IMPRENTA) [R] | |
| Lugar de publicación, distribución, etc. [R] | Lima (Perú) |
| Fecha de publicación, distribución, etc. [R] | 2015 |
| Nombre del editor, distribuidor, etc. [R] | Palestra Editores |
| 300 ## - DESCRIPCION FISICA [R] | |
| Extensión [R] | 257 páginas |
| 504 ## - NOTA DE BIBLIOGRAFIA, ETC. [R] | |
| Nota de bibliografía, etc. [NR] | Incluye referencias bibliográficas e índices |
| 505 8# - NOTA DE CONTENIDO CON FORMATO PREESTABLECIDO [R] | |
| Nota de contenido con formato preestablecido [NR] | Derecho y moral -- Lenguaje jurídico y definición del derecho -- Normas jurídicas -- Sistemas jurídicos -- Interpretación y razonamiento jurídico. |
| 520 ## - NOTA DE RESUMEN, ETC. [R] | |
| Nota de sumario, etc. [NR] | Este volumen, que ha merecido cinco ediciones en su lengua original, desde el año 2003 en que se editó la primera edición, marca un hito en la edición de manuales de Introducción al Derecho. Se trata de una obra escrita en un escenario de debates intensos entre positivistas y no positivistas en el escenario de pleno desarrollo, también en América Latina, de alguna de las premisas del constitucionalismo democrático. -- Contraportada. |
| 650 17 - ASIENTO SECUNDARIO DE MATERIA - TERMINO TEMATICO [R] | |
| Término temático o nombre geográfico como elemento de entrada [NR] | Derecho |
| Subdivisión general [R] | Teoría |
| 9 (RLIN) | 85008 |
| 650 27 - ASIENTO SECUNDARIO DE MATERIA - TERMINO TEMATICO [R] | |
| Término temático o nombre geográfico como elemento de entrada [NR] | Derecho |
| Subdivisión general [R] | Filosofía |
| 9 (RLIN) | 30013 |
| 650 27 - ASIENTO SECUNDARIO DE MATERIA - TERMINO TEMATICO [R] | |
| Término temático o nombre geográfico como elemento de entrada [NR] | Derecho |
| Subdivisión general [R] | Interpretación |
| 9 (RLIN) | 59093 |
| 690 ## - ASUNTO AGREGADO LOCAL DE ENTRADA - TÉRMINO TEMÁTICO (OCLC, RLIN) | |
| Acceso temático local | Teoría del derecho |
| 9 (RLIN) | 25308 |
| 765 1# - ASIENTO DE IDIOMA ORIGINAL [R] | |
| Título [NR] | Manuale di filosofia del diritto |
| 942 ## - ELEMENTOS DE ENTRADA AGREGADOS (KOHA) | |
| Sistema de clasificación | DEWEY |
| Tipo de ítem principal el descrito en 300a | Libro de reserva |
| Tema principal | Derecho |
| Edición | 1 |
| Clasificación | 340.1 |
| Parte restante de la signatura top. | B234ie |
| Fecha de último préstamo | Total préstamos | Signatura topográfica | Código de barras | Última vez visto | Ejemplar | Costo de reposición | Price effective from | Tipo de ítem | Perdido | Sistema de clasificación | Dañado | No prestable | Tipo de ítem específico | Suprimido | Ubicación habitual | Ubicación actual | Localización | Fecha de creación | Proveedor | Forma de adquisición | Costo |
|---|---|---|---|---|---|---|---|---|---|---|---|---|---|---|---|---|---|---|---|---|---|
| 03/03/2022 | 4 | 340.1 B234ie | 100152772 | 06/06/2024 | Ej.1 | 158100.00 | 22/03/2017 | Libro | DEWEY | Libro | Bodega | Bodega | 3er piso | 22/03/2017 | 9 | Compra | 158100.00 |